Jewels of formal language theory /

Guardado en:
Autor Principal: Salomaa, Arto.
Formato: Libro
Idioma:English
Publicado: Rockville, Md. : Computer Science Press, c1981.
Materias:
Etiquetas: Agregar Etiqueta
Sin Etiquetas, Sea el primero en etiquetar este registro!
LEADER 00639pam a2200217 a 4500
001 DCC.dcic001449
008 800922s1981####mdua#####b####001#0#eng##
005 20151130143652.0
245 1 0 |a Jewels of formal language theory /  |c Arto Salomaa. 
260 |a Rockville, Md. :  |b Computer Science Press,  |c c1981. 
300 |a ix, 144 p. :  |b il. ;  |c 24 cm. 
504 |a Bibliografía: p. 139-142. 
500 |a Incluye índice. 
020 |a 0914894692 
100 1 |a Salomaa, Arto. 
082 0 0 |a 511.3  |2 19 
650 0 |a Formal languages. 
010 |a  80024269  
040 |a DLC  |c DLC  |d DLC 
050 0 0 |a QA267.3  |b .S25 
859 |a DCIC  |b BIB. COMPUTACION  |p 1949